| 000 | 01146nam a2200253 a 4500 | ||
|---|---|---|---|
| 003 | BD-DhJNU | ||
| 005 | 20260114043030.0 | ||
| 008 | 251108s2022 bg |||g |||| 000 1|ben|d | ||
| 020 | _a9847009200236 | ||
| 040 |
_aBD-DhJNU _bben _cBD-DhJNU _dBD-DhJNU |
||
| 041 | _aben | ||
| 082 |
_a701.15 FRF _223 |
||
| 100 | _aফ্রয়েড, সিগমুন্ড | ||
| 245 | 1 | 0 |
_aফ্রয়েডের নন্দনতত্ত্ব / _c সিগমুন্ড ফ্রয়েড এবং শামসুদ্দিন চৌধুরী (অনুবাদক) |
| 246 | _aFreuder Nondontottwo | ||
| 250 | _a1st ed. | ||
| 260 |
_aঢাকা : _bবর্ণায়ন, _c2022. |
||
| 300 |
_a৩৩৬ পৃ. : _bচিত্র ; _c২১ সেমি.। |
||
| 504 | _aগ্রন্থপঞ্জিগত নির্দেশিকা ও নিঘন্ট অন্তভূক্ত | ||
| 650 | _aফ্রয়েডীয় নন্দনতত্ত্ব | ||
| 650 | _aFreudian aesthetics | ||
| 700 | a |
_aশামসুদ্দিন চৌধুরী _e(অনুবাদক) |
|
| 942 | _cBK | ||
| 999 |
_c2526 _d2526 |
||